[Event "EYCC Girls U14 2018"]
[Site "Riga"]
[Date "2018.08.28"]
[Round "8"]
[White "Stepanyan, Eva"]
[Black "Ismayil, Malak"]
[Result "1/2-1/2"]
[WhiteElo "2101"]
[BlackElo "1772"]
[Annotator "TA"]
[PlyCount "93"]
[EventDate "2018.08.20"]
[EventType "swiss"]
[EventCountry "LAT"]
[SourceTitle "playchess.com"]
[Source "ChessBase"]
[SourceQuality "1"]

{[%evp 24,93,31,26,97,62,95,69,69,65,64,37,47,28,63,53,63,18,20,22,19,-8,-20,-18,0,0,0,-27,-15,-11,0,-30,-12,-24,30,-41,35,29,29,16,0,-10,30,13,41,22,33,33,39,30,37,29,47,0,44,37,48,40,66,64,58,58,65,65,61,0,33,0,58,58,58,28]} 1. e4 e5 2. Nf3 Nc6 3. Bb5 a6 4. Ba4 Nf6 5. O-O Be7 6. Re1 d6 7. c3 O-O 8. h3 Nd7 9. d4 b5 10. Bb3 Na5 11. Bc2 c5 12. Nbd2 {C96: Closed Ruy Lopez: Chigorin Defence: 11 d4, replies other than 11...Qc7} (12. d5 Nb6 13. Nbd2 Bd7 14. Nf1 Nb7 15. b3 a5 16. Rb1 c4 17. bxc4 Nxc4 18. a4 Qc7 19. axb5 Nb6 20. Be3 {0-1 (58) Hou,Y (2680)-Caruana,F (2811) Wijk aan Zee 2018}) 12... Re8 13. d5 {LiveBook: 4 Games} Bf8 (13... Nb6 $11) 14. b3 $146 {White is better.} ({Predecessor:} 14. Nf1 Nc4 15. Ng3 g6 16. Nh2 Bg7 17. Ng4 Qh4 18. b3 Ncb6 19. Be3 Qe7 20. Qd2 {1-0 (43) Kubicka,A (2014)-Karpus,M (2114) Lazy 2015}) 14... g6 15. Nf1 Bg7 16. Bd2 Nf6 {[%cal Bd7f6,Bf6h5,Bh5f4][%mdl 32]} 17. Qc1 Nh5 18. Bg5 Qd7 19. N1h2 Qc7 20. Bh6 Nf4 21. Bxg7 Kxg7 22. Ng4 Bxg4 23. hxg4 {[#] Black must now prevent g3.} Qd7 24. Nh2 {Threatens to win with g3.} h5 $1 25. gxh5 (25. g3 $5 {[%cal Rg3f4]} Nh3+ 26. Kg2 hxg4 27. Qd1 $15) 25... Nxh5 26. g3 Qh3 27. Re3 {[#] Strongly threatening g4.} Nf6 28. Qf1 Rh8 (28... Qh6 $142) 29. Qg2 (29. Qxh3 $11 Rxh3 30. Nf3) 29... Rh7 (29... Qh6 $15) 30. Qxh3 $14 Rxh3 31. Bd1 Rah8 32. Nf1 Nb7 (32... Rh1+ {keeps more tension.} 33. Kg2 g5 34. Rb1 Kf8 35. Be2 R8h2+) 33. Bf3 R3h7 34. Ree1 Ra8 35. Ne3 Nd7 36. Rec1 Rhh8 37. Kg2 Rhf8 38. g4 f6 (38... c4 $5) 39. Be2 Rh8 40. Rg1 Kf7 41. Rh1 Rxh1 42. Rxh1 {Hoping for Rh7+.} Kg7 43. Ra1 Nb6 44. Nc2 ({Better is} 44. a4 $14) 44... Na5 45. Ne3 Rc8 (45... Nb7 $1 $11) 46. Bd1 Rb8 47. Kg3 {Precision: White = 40%, Black = 30%.} 1/2-1/2

[Event "EYCC Girls U14 2018"]
[Site "Riga"]
[Date "2018.08.28"]
[Round "8"]
[White "Dylag, Emilia"]
[Black "Loskutova, Viktoriya"]
[Result "1-0"]
[WhiteElo "2095"]
[BlackElo "2088"]
[Annotator "NA RC"]
[PlyCount "143"]
[EventDate "2018.08.20"]
[EventType "swiss"]
[EventCountry "LAT"]
[SourceTitle "playchess.com"]
[Source "ChessBase"]
[SourceQuality "1"]
[TimeControl "40/5400+30:1800+30"]

1. Nf3 {[%emt 0:00:00]} Nf6 {[%emt 0:00:02]} 2. g3 {[%emt 0:00:00]} d5 {[%emt 0:00:06]} 3. Bg2 {[%emt 0:00:00]} c6 {[%emt 0:00:06]} 4. O-O {[%emt 0:00:05]} Bf5 {[%emt 0:00:06]} 5. d3 {[%emt 0:00:18]} h6 {[%emt 0:00:07]} 6. c4 {[%emt 0:00:25]} e6 {[%emt 0:00:30]} 7. Nc3 {[%emt 0:00:39]} Be7 {[%emt 0:00:25]} 8. cxd5 {[%emt 0:00:42]} exd5 {[%emt 0:00:41]} 9. Nd4 {[%emt 0:00:38] A11: English Opening: 1...c6} Bh7 {[%emt 0:03:42]} 10. e4 {[%emt 0:00:52]} dxe4 {[%emt 0:12:35]} 11. dxe4 {[%emt 0:00:17]} O-O {[%emt 0:05:23]} 12. Be3 {[%emt 0:04:34]} Nbd7 {[%emt 0:02:52]} 13. f4 {[%emt 0:08:16]} Nb6 {[%emt 0:01:49]} 14. Qe2 {[%emt 0:04:48]} Bb4 {[%emt 0:12:28]} 15. Rad1 {[%emt 0:15:38]} Nfd7 $146 {[%emt 0:27:25]} ({Predecessor:} 15... Qc8 16. e5 Nfd5 17. Nxd5 Nxd5 {½-½ (55) Mastrovasilis,A (2537)-Karagiannis,A (2194) Thessaloniki 2017}) 16. Nb1 {[%emt 0:13:18]} Re8 {[%emt 0:03:56]} 17. a3 {[%emt 0:02:01]} Bf8 {[%emt 0:00:27]} 18. Nc3 {[%emt 0:01:05]} Qc7 {[%emt 0:07:02]} 19. e5 {[%emt 0:04:28]} Nc5 {[%emt 0:04:39]} 20. b4 {[%emt 0:02:54]} Nca4 {[%emt 0:02:11]} 21. Nxa4 {[%emt 0:06:31]} Nxa4 {[%emt 0:00:01]} 22. Rc1 {[%emt 0:02:55]} Rad8 {[%emt 0:09:04]} 23. Qa2 {[%emt 0:05:33]} Qe7 {[%emt 0:02:16]} 24. Qb3 {[%emt 0:11:49]} Nb6 {[%emt 0:00:06]} 25. Rfe1 {[%emt 0:00:36]} Kh8 {[%emt 0:01:47]} 26. Bf2 {[%emt 0:00:59]} Bg8 {[%emt 0:00:31]} 27. f5 {[%emt 0:03:02]} Qc7 {[%emt 0:00:41]} 28. e6 {[%emt 0:01:22]} fxe6 {[%emt 0:00:04]} 29. fxe6 {[%emt 0:00:15]} Be7 {[%emt 0:00:56]} 30. Nf5 {[%emt 0:02:51]} Bf6 {[%emt 0:00:21]} 31. b5 {[%emt 0:00:31]} Bh7 {[%emt 0:01:12]} 32. Qf3 {[%emt 0:03:51]} Bg5 {[%emt 0:00:15]} 33. Rc5 {[%emt 0:00:57]} Na4 {[%emt 0:00:55]} 34. Rce5 {[%emt 0:00:55]} Bf6 {[%emt 0:00:18]} 35. Nxh6 {[%emt 0:00:48]} Bxe5 {[%emt 0:00:04]} 36. Nf7+ {[%emt 0:00:26]} Kg8 {[%emt 0:00:05]} 37. Rxe5 {[%emt 0:02:02]} Rd5 {[%emt 0:01:40]} 38. Rxd5 {[%emt 0:00:47]} cxd5 {[%emt 0:00:01]} 39. Ng5 {[%emt 0:00:45]} Bg6 {[%emt 0:01:55]} 40. Qxd5 {[%emt 0:00:00]} Qe7 {[%emt 0:00:00]} 41. h4 {[%emt 0:08:48]} b6 {[%emt 0:12:46]} 42. Bf3 {[%emt 0:16:27]} ({White should try} 42. Bd4 Rd8 43. Qe5) 42... Rd8 {[%emt 0:07:54]} 43. Qc4 {[%emt 0:04:27]} Nb2 $1 {[%emt 0:01:26]} 44. Qe2 {[%emt 0:01:49]} Nd3 $2 {[%emt 0:00:32] [#]} (44... Nd1 $1 $11 {and Black has nothing to worry.}) 45. Be3 $2 {[%emt 0:00:42]} (45. Bh5 $1 $18 {[%cal Rh5g6]} Qf6 46. e7) 45... Qxa3 {[%emt 0:08:38]} 46. h5 {[%emt 0:00:26]} Qa1+ $2 {[%emt 0:00:21]} (46... Nc1 $1 $11 {and Black is okay.} 47. Qe1 Nd3) 47. Kh2 {[%emt 0:00:29]} Be8 {[%emt 0:00:54]} 48. Be4 {[%emt 0:02:00]} ({Nicht} 48. e7 Rd7 $18) 48... Nb4 {[%emt 0:01:34]} 49. Bh7+ {[%emt 0:00:54]} Kh8 {[%emt 0:00:16]} 50. Bg6 {[%emt 0:00:29]} Qf6 {[%emt 0:00:57]} 51. Bxe8 {[%emt 0:00:30]} Rxe8 {[%emt 0:00:01]} 52. Qc4 $2 {[%emt 0:00:26]} (52. Qg4 $18 Qb2+ 53. Kh3) 52... Qb2+ {[%emt 0:01:05]} 53. Kh3 {[%emt 0:00:08]} Qb1 {[%emt 0:00:21] [#]} 54. h6 $1 {[%emt 0:01:00]} Nd3 $2 {[%emt 0:00:59]} (54... Qh1+ $16 55. Kg4 Qd1+ 56. Kh4 Nd5) 55. hxg7+ {[%emt 0:00:18]} Kxg7 {[%emt 0:00:02]} 56. Qc7+ {[%emt 0:00:34]} Kf6 {[%emt 0:00:32]} 57. Qf7+ {[%emt 0:00:36]} (57. Bd4+ $142 Kf5 58. Qf7+ Kxg5 59. Qf6+ Kh5 60. g4#) 57... Ke5 {[%emt 0:00:07]} 58. Qxe8 {[%emt 0:00:32]} Qh1+ {[%emt 0:00:54]} 59. Kg4 {[%emt 0:00:04]} Qd1+ {[%emt 0:00:30]} 60. Nf3+ {[%emt 0:00:10]} Ke4 {[%emt 0:00:04]} 61. Qg6+ {[%emt 0:01:00]} Kxe3 {[%emt 0:00:11]} 62. Qg5+ {[%emt 0:00:35]} Ke4 {[%emt 0:01:03]} 63. Qf5+ {[%emt 0:00:26]} Ke3 {[%emt 0:00:05]} 64. Kg5 {[%emt 0:00:39]} Qa1 {[%emt 0:01:26]} 65. Nh4 {[%emt 0:00:28]} Qg7+ {[%emt 0:00:27]} 66. Ng6 {[%emt 0:00:05]} Qc7 {[%emt 0:00:16]} 67. e7 {[%emt 0:00:31]} Qxg3+ {[%emt 0:00:17]} 68. Kf6 {[%emt 0:00:23]} Qd6+ {[%emt 0:00:31]} 69. Qe6+ {[%emt 0:00:22]} Qxe6+ {[%emt 0:00:04]} 70. Kxe6 {[%emt 0:00:02]} Nc5+ {[%emt 0:00:06]} 71. Kf7 {[%emt 0:00:05]} Nb7 {[%emt 0:00:24]} 72. e8=Q+ {[%emt 0:00:07]} 1-0

[Event "EYCC Girls U14 2018"]
[Site "Riga"]
[Date "2018.08.28"]
[Round "8"]
[White "Eizaguerri Floris, Maria"]
[Black "Allahverdiyeva, Ayan"]
[Result "0-1"]
[WhiteElo "2065"]
[BlackElo "2046"]
[Annotator "NA RC"]
[PlyCount "86"]
[EventDate "2018.08.20"]
[EventType "swiss"]
[EventCountry "LAT"]
[SourceTitle "playchess.com"]
[Source "ChessBase"]
[SourceQuality "1"]
[TimeControl "40/5400+30:1800+30"]

1. d4 {[%emt 0:00:00]} d5 {[%emt 0:00:24]} 2. Nf3 {[%emt 0:00:00]} e6 {[%emt 0:00:05]} 3. e3 {[%emt 0:00:23]} c5 {[%emt 0:01:22]} 4. b3 {[%emt 0:00:32]} Nc6 {[%emt 0:00:34] D02: 1 d4 d5 2 Nf3 sidelines, including 2...Nf6 3 g3 and 2...Nf6 3 Bf4} (4... cxd4 5. exd4 Nc6 6. Bd3 Nf6 7. O-O Be7 8. Bb2 O-O 9. a3 {½-½ (9) Saptarshi,R (2476)-Drazic,S (2441) Backi Petrovac 2018}) 5. Bb2 {[%emt 0:01:16]} cxd4 {[%emt 0:00:15]} 6. exd4 {[%emt 0:00:16]} g6 {[%emt 0:01:32]} 7. Be2 $146 {[%emt 0:03:22]} ({Predecessor:} 7. Bd3 Nb4 8. Ne5 Nxd3+ 9. Qxd3 a6 10. O-O Nf6 11. Nd2 Bd7 12. Rae1 {1-0 (38) Cabrera Nunez,L (1906)-Rodriguez Naranjo,Y (1735) Santa Clara 2018}) 7... Bg7 {[%emt 0:00:04]} 8. O-O {[%emt 0:00:27]} Nge7 {[%emt 0:00:09]} 9. Ne5 {[%emt 0:03:45]} O-O {[%emt 0:01:57]} 10. Nd2 {[%emt 0:06:28]} f6 {[%emt 0:16:17]} 11. Nxc6 {[%emt 0:02:52]} Nxc6 {[%emt 0:03:20]} 12. f4 {[%emt 0:02:29]} Qb6 {[%emt 0:02:39]} 13. Nf3 {[%emt 0:03:20]} Bd7 {[%emt 0:11:05]} 14. Kh1 {[%emt 0:04:58]} Qc7 {[%emt 0:04:43]} 15. Qd2 {[%emt 0:02:50]} Bh6 {[%emt 0:00:41]} 16. Ne1 {[%emt 0:11:56]} Ne7 {[%emt 0:08:26]} 17. Nd3 {[%emt 0:05:31]} b6 {[%emt 0:00:45]} 18. Rae1 {[%emt 0:06:26]} Nf5 {[%emt 0:02:07]} 19. Bg4 {[%emt 0:01:54]} Rfe8 {[%emt 0:09:00]} 20. Bf3 {[%emt 0:07:21]} Rac8 {[%emt 0:00:58]} 21. g4 {[%emt 0:07:38]} Nd6 {[%emt 0:01:41]} 22. g5 {[%emt 0:01:53]} Ne4 {[%emt 0:02:19]} 23. Bxe4 {[%emt 0:11:16]} dxe4 {[%emt 0:00:06]} 24. Nb4 {[%emt 0:01:47]} Bf8 {[%emt 0:02:49]} 25. c4 {[%emt 0:01:04]} a5 {[%emt 0:02:40]} 26. Nc2 {[%emt 0:00:15]} f5 {[%emt 0:00:12]} 27. h4 {[%emt 0:10:09]} Bg7 {[%emt 0:02:38]} 28. Qe3 {[%emt 0:01:39]} b5 {[%emt 0:00:15]} 29. c5 {[%emt 0:00:47]} Bc6 {[%emt 0:00:16]} 30. Kg2 {[%emt 0:00:49]} Rcd8 {[%emt 0:03:22]} 31. Rh1 {[%emt 0:00:28]} e5 {[%emt 0:02:24]} 32. Kg3 {[%emt 0:01:32]} exf4+ {[%emt 0:02:23]} 33. Qxf4 {[%emt 0:00:04]} Qxf4+ {[%emt 0:00:25]} 34. Kxf4 {[%emt 0:00:01]} e3 {[%emt 0:00:11]} 35. Rhg1 {[%emt 0:01:25]} Re4+ {[%emt 0:01:48]} 36. Kg3 {[%emt 0:00:11]} f4+ {[%emt 0:05:20]} 37. Kh3 {[%emt 0:00:47]} e2 {[%emt 0:01:13]} 38. Rg2 {[%emt 0:00:21]} f3 {[%emt 0:00:07]} 39. Rf2 {[%emt 0:00:03]} Rf8 {[%emt 0:03:10]} 40. Kg3 {[%emt 0:00:00]} h5 {[%emt 0:00:00]} 41. gxh6 {[%emt 0:07:08]} Bf6 {[%emt 0:07:05]} 42. Rh1 {[%emt 0:04:20]} Bd8 {[%emt 0:00:07]} 43. Bc1 {[%emt 0:04:06]} Bc7+ {[%emt 0:00:16]} 0-1

[Event "EYCC Girls U14 2018"]
[Site "Riga"]
[Date "2018.08.28"]
[Round "8"]
[White "Guillo Longares, Cecilia"]
[Black "Levitan, Ronit"]
[Result "0-1"]
[WhiteElo "2030"]
[BlackElo "1933"]
[Annotator "NA RC"]
[PlyCount "52"]
[EventDate "2018.08.20"]
[EventType "swiss"]
[EventCountry "LAT"]
[SourceTitle "playchess.com"]
[Source "ChessBase"]
[SourceQuality "1"]
[TimeControl "40/5400+30:1800+30"]

1. d4 {[%emt 0:00:00]} d5 {[%emt 0:00:00]} 2. c4 {[%emt 0:00:00]} e6 {[%emt 0:00:00]} 3. Nc3 {[%emt 0:00:00]} Be7 {[%emt 0:00:00]} 4. cxd5 {[%emt 0:00:00]} exd5 {[%emt 0:00:00]} 5. Bf4 {[%emt 0:00:00]} Nf6 {[%emt 0:00:23]} 6. Qc2 {[%emt 0:00:08]} O-O {[%emt 0:03:28]} 7. e3 {[%emt 0:02:06]} c5 {[%emt 0:04:12]} 8. dxc5 {[%emt 0:04:23]} Nc6 {[%emt 0:05:03]} 9. Rd1 {[%emt 0:06:05]} Qa5 {[%emt 0:05:18]} 10. Qd2 $15 {[%emt 0:09:03]} (10. Nf3 $11) 10... Bxc5 {[%emt 0:10:13]} 11. Nxd5 {[%emt 0:10:37]} Qxd2+ {[%emt 0:01:43]} 12. Rxd2 {[%emt 0:00:07]} Nxd5 {[%emt 0:00:16]} 13. Rxd5 {[%emt 0:00:10]} Bb4+ {[%emt 0:00:06]} 14. Ke2 {[%emt 0:02:03]} Be6 {[%emt 0:00:17]} 15. Rd1 {[%emt 0:00:07]} Bxa2 {[%emt 0:03:19]} 16. Kf3 {[%emt 0:02:13]} Rfd8 {[%emt 0:03:10]} 17. Ra1 {[%emt 0:01:05]} Be6 {[%emt 0:14:32]} 18. e4 {[%emt 0:02:32]} Nd4+ {[%emt 0:01:43]} 19. Kg3 {[%emt 0:00:35]} Nb3 {[%emt 0:01:06]} 20. Rb1 {[%emt 0:03:10]} Rac8 {[%emt 0:12:18]} 21. Nf3 {[%emt 0:03:21]} h6 {[%emt 0:05:29]} 22. Be2 {[%emt 0:03:37]} Nc5 {[%emt 0:00:40]} 23. Be3 {[%emt 0:02:12]} Nxe4+ {[%emt 0:01:26]} 24. Kf4 {[%emt 0:00:30]} Nf6 {[%emt 0:01:13]} 25. Nd4 {[%emt 0:04:51]} Bd6+ {[%emt 0:01:02]} 26. Kf3 {[%emt 0:01:50]} Bg4# {[%emt 0:00:08]} 0-1

[Event "EYCC Girls U14 2018"]
[Site "Riga"]
[Date "2018.08.28"]
[Round "8"]
[White "Mironenko, Galina"]
[Black "Krasteva, Beloslava"]
[Result "0-1"]
[WhiteElo "1998"]
[BlackElo "2086"]
[Annotator "NA RC"]
[PlyCount "120"]
[EventDate "2018.08.20"]
[EventType "swiss"]
[EventCountry "LAT"]
[SourceTitle "playchess.com"]
[Source "ChessBase"]
[SourceQuality "1"]
[TimeControl "40/5400+30:1800+30"]

1. Nf3 c5 2. g3 g6 3. Bg2 Bg7 4. O-O Nc6 5. c4 e6 6. Nc3 Nge7 7. d3 O-O 8. Bg5 h6 9. Bf4 {A37: Englische Eröffnung (Symmetrische Variante)} (9. Bd2 b6 10. a3 Bb7 11. Rb1 a5 12. Nb5 d5 13. Qc1 Kh7 14. Rd1 Qd7 15. e3 Rac8 16. Qc2 e5 17. cxd5 Nxd5 {½-½ (85) Almasi,Z (2682)-Ponkratov,P (2613) Riadh 2017}) 9... d6 10. e4 Nd4 $146 ({Vorgänger:} 10... f5 11. Qd2 Kh7 12. Rfe1 g5 13. Bxg5 hxg5 14. Nxg5+ Kh8 15. Qe2 Ng8 16. Qh5+ Nh6 {0-1 (56) Jug,S (2081)-Cetina,K (2194) Celje 2007}) 11. Qd2 Kh7 12. Ne1 ({Don't blunder} 12. Nxd4 $2 cxd4 13. Ne2 e5 $19) 12... a6 13. Be3 Rb8 14. f4 b5 15. Qf2 Qb6 16. cxb5 Nxb5 17. Rc1 Nd4 18. b3 a5 19. g4 Bd7 20. Qh4 Qd8 21. f5 exf5 22. exf5 gxf5 23. Qh5 (23. Bf4 $17 Be6 24. gxf5 Nexf5 25. Qxd8 Rbxd8 26. Kh1) 23... fxg4 24. Rxf7 Rxf7 25. Qxf7 Qf8 26. Qh5 Qe8 27. Be4+ Bf5 28. Qxg4 Qg6 29. Qxg6+ Nxg6 30. Bxf5 Nxf5 31. Bf2 Nf4 32. Kf1 Rf8 33. Nd1 Nd4 34. Rc4 Be5 35. Ra4 Nc6 36. h4 Kg6 37. Re4 Nd4 38. Re3 Kh5 39. Ng2 Nd5 40. Re4 Rf3 41. Ne1 Rf7 42. Ng2 Kg6 (42... Nb4 $142 43. Nge3 Nxd3) 43. Re1 Nb4 44. Re3 Nxa2 45. Nb2 Nxb3 46. Nc4 Bd4 47. Re2 Nac1 48. Nxd6 Nxe2 $19 49. Nxf7 Kxf7 50. Kxe2 Bxf2 51. Kxf2 a4 52. Ne3 a3 53. Nc2 a2 54. Ke3 a1=Q 55. Nxa1 Nxa1 56. d4 Nc2+ 57. Kd3 Nxd4 58. Kc4 Ne6 59. Kd5 Kg6 60. Kc4 Kh5 0-1

[Event "EYCC Girls U14 2018"]
[Site "Riga"]
[Date "2018.08.28"]
[Round "8"]
[White "Bondareva, Daria"]
[Black "Wikar, Martyna"]
[Result "1/2-1/2"]
[WhiteElo "1922"]
[BlackElo "1974"]
[Annotator "NA RC"]
[PlyCount "119"]
[EventDate "2018.08.20"]
[EventType "swiss"]
[EventCountry "LAT"]
[SourceTitle "playchess.com"]
[Source "ChessBase"]
[SourceQuality "1"]
[TimeControl "40/5400+30:1800+30"]

1. e4 {[%emt 0:00:18] Bangiev,A} c5 {[%emt 0:00:00]} 2. Nc3 {[%emt 0:00:14]} e6 {[%emt 0:00:59]} 3. g3 {[%emt 0:00:06]} Nc6 {[%emt 0:01:04]} 4. Bg2 {[%emt 0:00:56]} Nge7 {[%emt 0:01:23]} 5. d3 {[%emt 0:00:18]} d5 {[%emt 0:01:54]} 6. exd5 {[%emt 0:02:03] B24: Closed Sicilian: 3 g3 sidelines} exd5 {[%emt 0:01:20]} 7. Nge2 {[%emt 0:04:54]} d4 {[%emt 0:03:52]} 8. Ne4 {[%emt 0:01:25]} Nd5 {[%emt 0:01:30]} 9. Nf4 {[%emt 0:01:47]} Nxf4 {[%emt 0:02:13]} 10. Bxf4 {[%emt 0:00:26]} Be7 {[%emt 0:01:13]} 11. h4 {[%emt 0:08:31]} Be6 {[%emt 0:03:15]} 12. O-O {[%emt 0:01:27]} h6 {[%emt 0:03:02]} 13. Re1 {[%emt 0:05:57]} O-O {[%emt 0:08:22]} 14. a3 {[%emt 0:02:56]} Qd7 {[%emt 0:02:04] [#]} 15. Qe2 $146 {[%emt 0:13:34]} ({Predecessor:} 15. Nd2 Rae8 16. Nc4 {½-½ (44) Stripunsky,A (2554)-Gurevich,D (2492) Seattle 2003 CBM 093 [Bangiev,A]}) 15... Rac8 {[%emt 0:02:43]} 16. f3 {[%emt 0:04:02]} Bd5 {[%emt 0:07:26]} 17. Qf1 {[%emt 0:03:11]} f5 {[%emt 0:02:24]} 18. Bh3 {[%emt 0:06:03]} Qd8 {[%emt 0:08:43]} 19. Nd2 {[%emt 0:00:04]} b5 {[%emt 0:05:29]} 20. b3 {[%emt 0:03:04]} Kh7 {[%emt 0:07:58]} 21. Qf2 {[%emt 0:05:37]} a6 {[%emt 0:06:03]} 22. Nf1 {[%emt 0:04:58]} Bd6 {[%emt 0:04:29]} 23. Bxd6 {[%emt 0:02:56]} Qxd6 {[%emt 0:00:08]} 24. f4 {[%emt 0:01:43]} c4 {[%emt 0:01:08]} 25. Nd2 {[%emt 0:03:29]} cxd3 {[%emt 0:03:21]} 26. cxd3 {[%emt 0:00:08]} Qf6 {[%emt 0:04:20]} 27. b4 {[%emt 0:05:21]} a5 {[%emt 0:02:18]} 28. bxa5 {[%emt 0:00:42]} Ra8 {[%emt 0:00:16]} 29. Rac1 {[%emt 0:01:52]} Rxa5 {[%emt 0:01:40]} 30. Nb1 {[%emt 0:00:04]} b4 {[%emt 0:01:10]} 31. axb4 {[%emt 0:04:59]} Ra2 {[%emt 0:01:45]} 32. Re2 {[%emt 0:03:19]} Nxb4 {[%emt 0:01:37]} 33. Rxa2 {[%emt 0:02:42]} Bxa2 {[%emt 0:03:24]} 34. Qd2 {[%emt 0:02:11]} Qd6 {[%emt 0:01:30]} 35. Na3 {[%emt 0:01:02]} Bd5 {[%emt 0:04:13]} 36. Nc4 {[%emt 0:01:47]} Qg6 {[%emt 0:00:44]} 37. Kf2 {[%emt 0:01:09]} Nc6 {[%emt 0:01:21]} 38. Na5 {[%emt 0:01:37]} Re8 {[%emt 0:01:05]} 39. Nxc6 {[%emt 0:01:24]} Bxc6 {[%emt 0:00:58]} 40. Re1 {[%emt 0:00:00]} Rxe1 {[%emt 0:00:00]} 41. Qxe1 {[%emt 0:01:22]} Qf6 {[%emt 0:03:38]} 42. Qa5 {[%emt 0:05:42]} Bd7 {[%emt 0:03:32]} 43. Qd5 {[%emt 0:01:05]} Be6 {[%emt 0:03:02]} 44. Qd6 {[%emt 0:02:25]} Kg6 {[%emt 0:01:36]} 45. Bg2 {[%emt 0:01:41]} Bb3 {[%emt 0:01:59]} 46. Qxf6+ {[%emt 0:02:26]} Kxf6 {[%emt 0:00:13]} 47. Ke2 {[%emt 0:01:48]} g5 {[%emt 0:01:10]} 48. Kd2 {[%emt 0:01:21]} Bf7 {[%emt 0:01:56]} 49. Bf3 {[%emt 0:00:30]} Be8 {[%emt 0:02:19]} 50. Kc2 {[%emt 0:02:28]} Ba4+ {[%emt 0:02:22]} 51. Kd2 {[%emt 0:00:04]} Bb3 {[%emt 0:00:42]} 52. Kc1 {[%emt 0:00:32]} Ba4 {[%emt 0:01:38]} 53. Kb2 {[%emt 0:00:54]} g4 {[%emt 0:05:08]} 54. Be2 {[%emt 0:01:30]} Ke6 $1 {[%emt 0:00:59]} 55. Ka3 {[%emt 0:00:51]} Bc2 $1 {[%emt 0:01:34]} 56. Kb4 {[%emt 0:00:33]} Kd5 {[%emt 0:00:28]} 57. h5 {[%emt 0:03:45]} Kd6 {[%emt 0:00:33]} 58. Kc4 {[%emt 0:00:44]} Ba4 {[%emt 0:00:06]} 59. Kxd4 {[%emt 0:00:12]} Be8 $11 {[%emt 0:00:07]} 60. Bd1 {[%emt 0:02:36] Ke5+ Ke4+} 1/2-1/2

[Event "EYCC Girls U14 2018"]
[Site "Riga"]
[Date "2018.08.28"]
[Round "8"]
[White "Yakimova, Mariya"]
[Black "Garifullina, Leya"]
[Result "0-1"]
[WhiteElo "1875"]
[BlackElo "2106"]
[Annotator "TA"]
[PlyCount "160"]
[EventDate "2018.08.20"]
[EventType "swiss"]
[EventCountry "LAT"]
[SourceTitle "playchess.com"]
[Source "ChessBase"]
[SourceQuality "1"]

{[%evp 21,160,32,31,-26,-25,-25,-19,-41,-52,-46,-45,-53,-49,-44,-13,-35,0,-12,-14,-73,-66,-86,-100,-91,-73,-120,-86,-75,-73,-65,-78,-81,-71,-70,-77,-63,-57,-50,-43,-48,-32,-65,0,0,0,0,0,-4,0,-104,-100,-205,-210,-337,-339,-513,-248,-518,-514,-563,-563,-537,-560,-555,-546,-592,-354,-343,-285,-253,-236,-236,-236,-236,-236,-235,-228,-228,-228,-430,-228,-428,-227,-404,-202,-419,-404,-404,-404,-404,-399,-268,-260,-390,-260,-404,-404,-404,-404,-404,-389,-575,-235,-583,-575,-575,-564,-555,-235,-1738,-855,-6406,-5713,-1631,-1962,-2481,-29976,-29976,-29977,-29977,-29978,-29978,-29979,-29983,-29984,-29989,-29990,-29990,-29991,-29992,-29991,-29992,-29985,-29992,-29993,-29993,-29994,-29994,-29995,-29995,-29996]} 1. d4 Nf6 2. c4 e6 3. g3 d5 4. Nf3 Be7 5. Bg2 O-O 6. O-O Nbd7 7. Qc2 c6 8. Rd1 b6 9. b3 Bb7 {[%cal Bc8b7,Bb7a6,Ba6e2][%mdl 32]} 10. Nc3 Ba6 {E08: Katalanisch} (10... Rc8 11. e4 c5 12. dxc5 dxc4 13. b4 a5 14. a3 axb4 15. axb4 bxc5 16. b5 Qc7 17. Bf4 e5 18. Bg5 Nb6 19. Nd2 {½-½ (32) Nakamura,H (2787)-Carlsen,M (2855) Bilbao 2016}) 11. e4 dxc4 {LiveBook: 6 Partien} 12. e5 (12. Nd2 $14) 12... Nd5 $11 {Schwarz hat minimalen Vorteil.} 13. Ne4 $146 ({Vorgänger:} 13. bxc4 Bxc4 14. Ne4 b5 15. Neg5 g6 16. Ne4 Qa5 17. Bg5 Bxg5 18. Nfxg5 {½-½ (40) Akopian,V (2655)-Nogueiras Santiago,J (2510) Elista 1998}) 13... Nb4 14. Qc3 cxb3 {Und weiter mit ...Le2 wäre nett.} 15. axb3 Be2 16. Re1 Bb5 $36 {[%mdl 2048] Schwarz hat gut koordiniertes Spiel.} 17. Bg5 Nd5 18. Qc2 c5 19. Bxe7 Qxe7 20. Nd6 (20. Neg5 $11 g6 21. Ne4) 20... Nb4 21. Qd2 Bc6 22. dxc5 bxc5 23. Ng5 Bxg2 24. Kxg2 h6 25. Nf3 Rfd8 26. Red1 Nd5 27. Nc4 N7b6 28. Nd6 Nc8 29. Ne4 Rb8 30. Qc2 Rb5 31. Rdc1 {[%cal Re4c5]} Rd7 ({Besser ist} 31... Qc7 $1 $15) 32. Qc4 Rb4 33. Qxc5 Ncb6 34. Nfd2 Qd8 35. Nd6 {[#]} (35. Kg1 $11) 35... Qg5 $1 $17 {[%cal Rg5d2]} 36. Nf3 (36. N2c4 $17 Nf4+ 37. Kg1) 36... Qg4 $19 37. Ne1 (37. Rc3 $142) 37... Rxb3 38. Kf1 (38. f3 $142 Qh5 39. Kh1) 38... Rb2 (38... Rc7 $142 39. Qxc7 Nxc7 40. Rxc7 Qh5) 39. Kg1 $2 (39. Rc2 Rxc2 40. Qxc2) 39... Qe2 40. Rc2 Rxc2 41. Nxc2 Rc7 42. Nd4 {[#] Und Dxc7 würde nun gewinnen.} Qxe5 ({Nicht} 42... Rxc5 43. Nxe2 a5 44. Nb7 $17) 43. Qa5 Qxd4 44. Nb5 Qc5 45. Nxc7 Qxa5 46. Rxa5 Nxc7 47. Rxa7 Ncd5 48. h4 g5 49. hxg5 hxg5 {[%cal Bh6g5,Bg5g4][%mdl 32]} 50. Rb7 $2 (50. g4) 50... Kg7 (50... g4 $142 51. Kg2 Kg7) 51. Kg2 $2 (51. f3) 51... Nc4 (51... g4 $142 52. f3 gxf3+ 53. Kxf3 Nc4) 52. Ra7 $2 (52. g4) 52... Ne5 (52... g4 $142 53. f3 Kf6 54. fxg4 Ne5) 53. Ra6 $2 (53. f3 {war die einzige Verteidigung.}) 53... g4 54. Ra4 Kg6 55. Re4 Kf5 56. Ra4 Nf3 57. Ra7 (57. Kf1 {war erzwungen.}) 57... f6 58. Ra4 (58. Kf1 $142) 58... e5 59. Ra8 Nc3 60. Ra3 Ne4 61. Rb3 (61. Kf1 $142) 61... Nd4 (61... Ne1+ $142 62. Kg1 Nf3+ 63. Kg2 Ne1+ 64. Kg1 Ke6) 62. Ra3 $2 (62. Rb4 {ist eine bessere Chance.}) 62... Nc2 63. Rb3 Ne1+ 64. Kg1 Nd2 65. Rc3 $2 (65. Rb6) 65... Ke4 (65... Nef3+ $142 66. Kg2 Ne1+ 67. Kg1 Ne4) 66. Re3+ Kd4 {( -> ...Sc2)} 67. Ra3 f5 68. Ra4+ Kd3 69. Ra3+ {Schwarz setzt Matt.} Ke2 70. Re3+ Kd1 71. Ra3 e4 72. Ra5 Ke2 73. Rxf5 Ndf3+ 74. Kh1 Kxf2 75. Rf4 e3 76. Re4 Nd3 77. Ra4 e2 {[%cal Re2e1]} 78. Ra2 Ke3 79. Ra1 e1=Q+ 80. Rxe1+ Nfxe1 {Precision: Weiß = 31%, Schwarz = 62%.} 0-1